Statistics for Born in Budapest

Click here to take the quiz!

General Stats

  • This quiz has been taken 23 times
    (4 since last reset)
  • The average score is 10 of 25

Answer Stats

HintAnswer% Correct
Hungarian football legend (Real Madrid)1927Ferenc Puskás
100%
Hungarian international football player, 1. FSV Mainz 051987Ádám Szalai
75%
Hungarian-American physicist who is known as "the father of the hydrogen bomb"1908Edward Teller
75%
Hungarian-American billionaire investor and philanthropsist and target of antisemitic conspiracy theories1930George Soros
75%
Hungarian-American escape artist and illusionist1874Harry Houdini
75%
Hungarian-Argentine inventor of the modern ballpoint pen1899Lászlo Biro
75%
Goalkeeper of the Hungarian national football team, RB Leipzig1990Péter Gulácsi
75%
Hungarian international football player, SC Freiburg1997Roland Sallai
75%
Hungarian-American actress, "Moulin Rouge" "Im Zeichen des Bösens", she had nine marriages1917Zsa Zsa Gabor
75%
Inventor of the Rubik's Cube1944Ernö Rubik
50%
Director, "Son of Saul"1977László Nemes
50%
One of the most famous Hungarian poets, he was considered as Hungary's great "proletarian poet" during the communist era1905Attila József
25%
Hungarian-British inventor of holography and Nobel Prize laureate1900Dennis Gabor
25%
^Hungarian-American actress and sister of ^1919Eva Gabor
25%
Author and recipient of the Nobel Prize in Literature, "Fatelessness" "Kaddish for an Unborn Child"1929Imre Kertesz
25%
Hungarian-American director, "Casablanca"1886Michael Curtiz
25%
Journalist and father of modern Zionism1860Theodor Herzl
25%
Hungarian-American businessman and co-founder of Intel1936Andrew Grove
0%
Hungarian-American billionaire and software architect, known for creating Microsoft Office and being a space tourist1948Charles Simonyi
0%
Israeli author and film director, he was one of the most widely read contemporary satirists in the world. "The Policeman" "Sallah Shabati"1924Ephraim Kishon
0%
Biophysicist and winner of the Nobel Prize in Physiology and Medicine in 19611899Georg von Békésy
0%
Director, "On Body and Soul"1955Ildikó Enyedi
0%
Hungarian-Israeli founder of Krav Maga1910Imi Lichtenfeld
0%
Communist politician and Chairman of the Council of Ministers from 1967 to 19751916Jenö Fock
0%
Hungarian-American billionaire and founder of Interactive Brokers1944Thomas Petterfy
0%

Score Distribution

Percentile by Number Answered

Percent of People with Each Score

Your Score History

You have not taken this quiz since the last reset